Paradigms of authority in the Carver canon
Elmentve itt :
| Szerző: | |
|---|---|
| Dokumentumtípus: | Könyv része |
| Megjelent: |
2013
|
| Sorozat: | Acta Universitatis Szegediensis de Attila József nominatae : papers in english and american studies
23 Papers in English and American studies : Tomus XXIII. - Paradigms of authority in the Carver canon 23 |
| Kulcsszavak: | Amerikai irodalom - 20. sz. - életmű, Raymond Carver |
| Tárgyszavak: | |
| Online Access: | http://acta.bibl.u-szeged.hu/68857 |
| LEADER | 00982naa a2200241 i 4500 | ||
|---|---|---|---|
| 001 | acta68857 | ||
| 005 | 20250124113115.0 | ||
| 008 | 250121s2013 hu o 000 eng d | ||
| 020 | |a 978-963-315-118-1 | ||
| 022 | |a 0230-2780 | ||
| 040 | |a SZTE Egyetemi Kiadványok Repozitórium |b hun | ||
| 041 | |a eng | ||
| 100 | 1 | |a Bocsor Péter | |
| 245 | 1 | 0 | |a Paradigms of authority in the Carver canon |h [elektronikus dokumentum] / |c Bocsor Péter |
| 260 | |c 2013 | ||
| 300 | |a 9-156 | ||
| 490 | 0 | |a Acta Universitatis Szegediensis de Attila József nominatae : papers in english and american studies |v 23 | |
| 490 | 0 | |a Papers in English and American studies : Tomus XXIII. - Paradigms of authority in the Carver canon |v 23 | |
| 650 | 4 | |a Bölcsészettudományok | |
| 650 | 4 | |a Nyelvek és irodalom | |
| 650 | 4 | |a Általános irodalomtudományok | |
| 695 | |a Amerikai irodalom - 20. sz. - életmű, Raymond Carver | ||
| 856 | 4 | 0 | |u http://acta.bibl.u-szeged.hu/68857/1/papers_023_009-156.pdf |z Dokumentum-elérés |